Представление документа в формате MARC21

Поле Инд. ПП Название Значение
Тип записи a
Библиографический уровень a
001 Контрольный номер RU/IS/BASE/396522018
005 Дата корректировки 20131113113000.7
020 a ISBN 5-259-00067-5
040 a Служба первич. каталог. НБ ТвГУ
b Код языка каталог. rus
e Правила каталог. PSBO
041 0_ a Код языка текста rus
098 b Факультет Филологический
100 1_ a Автор Сахаров В. И.
245 10 a Заглавие Падший демон: Еще о романтической поэме-драме Лермонтова
260 a Место издания Тверь
b Издательство Тверской государственный университет
c Дата издания 2006
520 a Аннотация О двух темах, которые проходят через все творчество М. Ю. Лермонтова - ангел и демон, светлое вечное добро и мрачное мировое зло, их непрекращающаяся борьба в душе человека.
653 a Ключевые слова Демон, поэма-драма М. Ю. Лермонтова
a Ключевые слова Лермонтов, Михаил Юрьевич, о нем
a Ключевые слова Литературные образы
a Ключевые слова Литературные темы
a Ключевые слова Литературоведение
a Ключевые слова Романтизм
a Ключевые слова Романтизм в литературе
a Ключевые слова Русская литература
a Ключевые слова Русская поэзия
a Ключевые слова Русские поэты
a Ключевые слова Русский романтизм
a Ключевые слова Тема добра и зла
a Ключевые слова Труды Тверского государственного университета
710 a Организация/ юрисдикция Тверской государственный университет
773 08 w Контрольный № источника df24c8fa-e4be-11da-b02a-008048b56a28
t Название источника Историко-литературный сборник
d Место и дата издания Тверь : Тверской государственный университет : Научная книга, 2006
g Прочая информация Вып. 4. - С. 93-96
901 t Тип документа a
920 a Оператор Тимос
954 a Дата поступления на обработку 20120725